Competition success review yearbook 1984 (Record no. 7906)

MARC details
000 -LEADER
fixed length control field 00518nam a2200169Ia 4500
003 - CONTROL NUMBER IDENTIFIER
control field IN-BaIIA
008 - FIXED-LENGTH DATA ELEMENTS--GENERAL INFORMATION
fixed length control field 211028s9999 xx 000 0 eng d
040 ## - CATALOGING SOURCE
Transcribing agency IIA Library
080 ## - UNIVERSAL DECIMAL CLASSIFICATION NUMBER
Universal Decimal Classification number 058(54)
Item number SAC-84
245 #0 - TITLE STATEMENT
Title Competition success review yearbook 1984
Statement of responsibility, etc. edited by S. K. Sachdeva
260 ## - PUBLICATION, DISTRIBUTION, ETC.
Place of publication, distribution, etc. New Delhi
Name of publisher, distributor, etc. Competition Review
Date of publication, distribution, etc. 1984
300 ## - PHYSICAL DESCRIPTION
Extent 912p.
650 ## - SUBJECT ADDED ENTRY--TOPICAL TERM
Topical term or geographic name entry element NASA Thesaurus
650 ## - SUBJECT ADDED ENTRY--TOPICAL TERM
Topical term or geographic name entry element Year Book-India
9 (RLIN) 13327
700 ## - ADDED ENTRY--PERSONAL NAME
Personal name Sachdeva, S. K. ed
9 (RLIN) 13328
942 ## - ADDED ENTRY ELEMENTS (KOHA)
Koha item type Books
Holdings
Withdrawn status Lost status Damaged status Not for loan Home library Current library Shelving location Date acquired Cost, normal purchase price Total Checkouts Full call number Barcode Date last seen Cost, replacement price Price effective from Koha item type Purchase Price
        IIA Library-Bangalore IIA Library-Bangalore General Stacks 05/07/1984 65.00   058(54)/ SAC-84 8729 05/11/2021 65.00 05/07/1984 Books Rs. 65.00

Powered by Koha